000 00745nam a22002177a 4500
999 _c8449
_d8449
003 AR-CdUCM
008 190325b ||||| |||| 00| 0 spa d
040 _aMUNICIPALIDAD PROVINCIAL DEL CUSCO
_cBIBLIOTECA MUNICIPAL DEL CUSCO
082 _a869.56 /
_bJ54
100 _aJiménez Borja, Arturo
_92499
245 _aPachacamac ; El hijo del sol ; La creación del mundo /
260 _aLima :
_bEdiciones de La Rama Florida,
_c1965.
300 _a69 páginas ;
_c17.5 cm.
500 _aDonación familia Nieto.
505 _aContenido : Pachacamac -- El hijo del sol -- La creación del mundo.
650 _aPoemas coreográficos
_923714
650 _aPoesías peruanas
_91481
650 _aSiglo XX
_98
942 _2ddc
_cLIBROS
945 _azta